[Event "LEM M-V 2026 Open"]
[Site "Neubrandenburg"]
[Date "2026.03.29"]
[Round "3.7"]
[White "Jäger, Maria"]
[Black "Wolter, Günter"]
[Result "0-1"]
[Time "09:00:00"]
[WhiteElo "1726"]
[BlackElo "1810"]

1. d4 Nf6 2. c4 g6 3. Nc3 Bg7 4. e4 d6 5. h3 O-O 6. Bg5 c6 7. Nf3 Nbd7 8. Be2 Qc7 9. O-O e5 10. Qd2 exd4 11. Nxd4 Nc5 12. Bf3 Nfd7 13. b4 Ne6 14. Nxe6 fxe6 15. Rad1 Ne5 16. Be2 Nf7 17. Bf4 e5 18. Bg3 Be6 19. h4 Rad8 20. h5 g5 21. Bh2 h6 22. Qe3 b6 23. Rd2 Rd7 24. Rfd1 Nd8 25. Qg3 Nb7 26. Bg4 Re7 27. Bxe6+ Rxe6 28. Qe3 Qf7 29. Ne2 Rf6 30. Rf1 Qxc4 31. a3 c5 32. Qc3 Qxe4 33. Qb3+ Kh8 34. f3 Qc6 35. b5 Qe8 36. Qd5 Qf7 37. Qe4 Na5 38. Ng3 Rf4 39. Qe2 Rd4 40. Rxd4 cxd4 41. Rc1 Qd7 42. Ne4 d5 43. Nf2 Nc4 44. a4 Rc8 45. Ng4 Re8 46. Re1 Qf5 47. Nf2 Ne3 48. Rc1 Rc8 49. Rxc8+ Qxc8 50. Nd3 e4 51. Be5 Bxe5 52. Nxe5 Qc1+ 53. Kf2 Nd1+ 54. Kf1 Nc3+ 55. Qe1 Qxe1+ 56. Kxe1 d3 57. Kd2 Nb1+ 58. Kd1 d2 59. Kc2 e3 0-1

[Event "LEM M-V 2026 Open"]
[Site "Neubrandenburg"]
[Date "2026.03.29"]
[Round "3.8"]
[White "Wagner, Tino"]
[Black "Asmussen, Johann"]
[Result "0-1"]
[Time "09:00:00"]
[WhiteElo "1583"]
[BlackElo "1592"]

1. e4 d6 2. d4 g6 3. Nc3 Bg7 4. Nf3 Nf6 5. Bd3 O-O 6. h3 Nbd7 7. Be3 e5 8. Qd2 exd4 9. Nxd4 Re8 10. O-O-O Nc5 11. Bg5 c6 12. f3 Qc7 13. Bc4 b5 14. Bb3 Bb7 15. g4 b4 16. Na4 Nfxe4 17. fxe4 Nxe4 18. Qh2 Nxg5 19. Rhf1 Bxd4 20. Rxd4 Qe7 21. Qxd6 Qe3+ 22. Kb1 Rad8 23. Qxd8 Rxd8 24. Rxd8+ Kg7 25. h4 Ba6 26. Rfd1 Ne4 27. R8d7 Be2 28. Rxf7+ Kh6 29. g5+ Kh5 30. Rxh7+ Kg4 31. Be6+ Kg3 32. Rh1 Nf2 33. Re1 Qxe6 34. Nc5 Qd5 35. Re7 Qxc5 36. R7xe2 Kxh4 37. Re5 Qd4 38. Re6 Kxg5 39. Rxc6 Ne4 40. Kc1 Qd2+ 0-1

[Event "LEM M-V 2026 Open"]
[Site "Neubrandenburg"]
[Date "2026.03.29"]
[Round "3.9"]
[White "Radloff, Arno"]
[Black "Wrage, Julius"]
[Result "0-1"]
[Time "09:00:00"]
[WhiteElo "1704"]
[BlackElo "1661"]

1. d4 c5 2. d5 Nf6 3. c4 e6 4. Nc3 exd5 5. cxd5 d6 6. e4 g6 7. Nf3 Bg4 8. Be2 Bxf3 9. Bxf3 Bg7 10. O-O O-O 11. Be3 Re8 12. Qc2 Nbd7 13. Rac1 Rb8 14. a4 a6 15. b3 b5 16. axb5 axb5 17. Nb1 Ra8 18. Nd2 Nb6 19. Ra1 Rxa1 20. Rxa1 Nfxd5 21. Ra5 Nxe3 22. fxe3 b4 23. Nc4 Nxc4 24. Ra6 Nxe3 25. Qd3 Bd4 26. Kh1 Qh4 27. h3 Qe1+ 28. Kh2 Be5+ 0-1

[Event "LEM M-V 2026 Open"]
[Site "Neubrandenburg"]
[Date "2026.03.29"]
[Round "3.10"]
[White "Thormählen, Tjark"]
[Black "Betke, Arno"]
[Result "1-0"]
[Time "09:00:00"]
[WhiteElo "1664"]
[BlackElo "1793"]

1. e4 e6 2. d4 d5 3. e5 c5 4. c3 Qb6 5. Nf3 Nc6 6. a3 cxd4 7. cxd4 Nge7 8. b4 a6 9. Bd3 Bd7 10. Be3 g6 11. O-O Bg7 12. Nc3 O-O 13. Na4 Qc7 14. Nc5 Bc8 15. Rc1 b6 16. Na4 Bb7 17. Qe2 Qd8 18. Bg5 h6 19. Bxe7 Nxe7 20. Rc3 b5 21. Nc5 Rb8 22. Rfc1 Re8 23. Nd2 Nc8 24. Nxb7 Rxb7 25. Rxc8 Qxc8 26. Rxc8 Rxc8 27. Nb3 Bf8 28. Nc5 Bxc5 29. dxc5 Ra7 30. Qd2 Kg7 31. Qf4 Rcc7 32. Qf6+ Kh7 33. h4 h5 34. g4 hxg4 35. h5 Rc8 36. hxg6+ Kg8 37. g7 1-0

[Event "LEM M-V 2026 Open"]
[Site "Neubrandenburg"]
[Date "2026.03.29"]
[Round "3.11"]
[White "Eichler, Charline"]
[Black "Röseler, Ole"]
[Result "1-0"]
[Time "09:00:00"]
[WhiteElo "1709"]
[BlackElo "1650"]

1. d4 Nf6 2. c4 g6 3. Nc3 Bg7 4. e4 d6 5. Nf3 O-O 6. Be2 Nbd7 7. O-O e6 8. Bg5 e5 9. d5 Nb6 10. Qc2 c6 11. b4 cxd5 12. cxd5 Bd7 13. a4 Rc8 14. Qb3 Rxc3 15. Qxc3 Nxe4 16. Qe3 Nxg5 17. Qxg5 e4 18. Ra2 exf3 19. Qxd8 Rxd8 20. Bxf3 Rc8 21. a5 Na4 22. Re1 Be5 23. Bd1 Nc3 24. Ra3 Nxd5 25. Bf3 Nxb4 26. Bxb7 Rc7 27. Be4 f5 28. Bb1 Kf8 29. g3 a6 30. Rb3 Bb5 31. Rxb4 Bc3 32. Rc1 Bxb4 33. Rxc7 Bxa5 34. Rxh7 d5 35. Ba2 Bc4 36. Bxc4 dxc4 37. Rh8+ Kf7 38. Rc8 c3 39. Kf1 Bb4 40. Ke2 Kf6 41. Rc6+ Kg5 42. h4+ Kh5 43. Rxa6 c2 44. Rc6 Ba5 45. Rxc2 g5 46. Rc5 Bd8 47. Rxf5 Kg4 48. Rxg5+ Bxg5 49. hxg5 Kxg5 50. Kf3 1-0

[Event "LEM M-V 2026 Open"]
[Site "Neubrandenburg"]
[Date "2026.03.29"]
[Round "3.12"]
[White "Seegebrecht, Johann"]
[Black "Le, Tomab Linh"]
[Result "0-1"]
[Time "09:00:00"]
[WhiteElo "1491"]
[BlackElo "1475"]

1. d4 Nf6 2. Nf3 g6 3. Nc3 Bg7 4. e4 d6 5. Be3 O-O 6. Bc4 Nbd7 7. O-O c6 8. Re1 Qc7 9. Qd2 Ng4 10. Rad1 Nxe3 11. Qxe3 e5 12. dxe5 Nxe5 13. Nxe5 dxe5 14. Qg5 Qb6 15. b3 Qa5 16. Rd3 b5 17. b4 Qxb4 18. Bb3 c5 19. Qe7 Bg4 20. Rb1 Qa5 21. Qxc5 a6 22. Bd5 Rac8 23. Qb4 Qxb4 24. Rxb4 Rc7 25. f3 Rfc8 26. Rb3 Bd7 27. Kf2 Kf8 28. Ke3 Bh6+ 29. Ke2 b4 30. Nd1 Rxc2+ 31. Ke1 Bb5 32. Re3 Bxe3 33. Nxe3 Rxa2 34. Kd1 Ba4 0-1

[Event "LEM M-V 2026 Open"]
[Site "Neubrandenburg"]
[Date "2026.03.29"]
[Round "3.13"]
[White "Eichler, Max"]
[Black "Wilke, Anja"]
[Result "1/2-1/2"]
[Time "09:00:00"]
[WhiteElo "1644"]
[BlackElo "1034"]

1. e4 e5 2. Nf3 Nc6 3. Bc4 Nf6 4. d3 d6 5. O-O Be7 6. Re1 O-O 7. Nbd2 a6 8. a4 Bg4 9. Nf1 Nd4 10. N1d2 Nxf3+ 11. Nxf3 c6 12. h3 Bxf3 13. Qxf3 h6 14. Be3 Nh7 15. d4 Bg5 16. dxe5 dxe5 17. Rad1 Qf6 18. Qxf6 Bxf6 19. Rd7 Rad8 20. Red1 Ng5 21. f3 b5 22. axb5 axb5 23. Be2 Rxd7 24. Rxd7 Ne6 25. c3 1/2-1/2

[Event "LEM M-V 2026 Open"]
[Site "Neubrandenburg"]
[Date "2026.03.29"]
[Round "4.1"]
[White "Briese, Paul"]
[Black "Wilke, Ronja"]
[Result "1-0"]
[Time "15:00:00"]
[WhiteElo "1792"]
[BlackElo "1782"]

1. e4 c5 2. Nf3 d6 3. d4 cxd4 4. Nxd4 Nf6 5. Nc3 Nc6 6. Bg5 e6 7. Be2 a6 8. O-O Bd7 9. Kh1 Be7 10. f4 O-O 11. Bf3 h6 12. Bh4 Qc7 13. g4 Rac8 14. f5 Ne5 15. Rg1 Nxe4 16. Nxe4 Bxh4 17. g5 hxg5 18. f6 Ng6 19. fxg7 Kxg7 20. Nxg5 Bxg5 21. Rxg5 Rh8 22. Bh5 Rh6 23. Qg4 e5 24. Nf5+ Bxf5 25. Rxf5 Qc6+ 26. Kg1 Qxc2 27. Raf1 Qc5+ 28. Kh1 Qd5+ 29. Kg1 Rf8 30. Qg5 f6 31. Rxf6 Qd4+ 32. Kh1 Qe4+ 33. Kg1 Rc8 34. Rf7+ Kg8 35. Qxh6 Qd4+ 36. Kh1 Qd5+ 37. R7f3 1-0

[Event "LEM M-V 2026 Open"]
[Site "Neubrandenburg"]
[Date "2026.03.29"]
[Round "4.2"]
[White "Kruse, Johannes"]
[Black "Winkler, Karl"]
[Result "1-0"]
[Time "15:00:00"]
[WhiteElo "1807"]
[BlackElo "1873"]

1. e4 e5 2. Nf3 Nc6 3. Bb5 Nf6 4. O-O Nxe4 5. Re1 Nd6 6. Nxe5 Nxe5 7. Rxe5+ Be7 8. Ba4 O-O 9. d4 Bf6 10. Re1 Re8 11. c3 Rxe1+ 12. Qxe1 Qe7 13. Qf1 b6 14. Be3 Nf5 15. Bf4 Bb7 16. Nd2 Bc6 17. Re1 Qd8 18. Bxc6 dxc6 19. Qc4 Qd7 20. Nf3 Nd6 21. Qd3 Qd8 22. Kf1 Qf8 23. Ne5 Bxe5 24. dxe5 Nb7 25. Qd7 Qd8 26. e6 fxe6 27. Qxe6+ Kf8 28. Qxc6 Nd6 29. Rd1 Rc8 30. Bxd6+ cxd6 31. Qxd6+ Qxd6 32. Rxd6 Ke7 33. Rd4 Rc5 34. Ke2 Rb5 35. b3 Re5+ 36. Kd3 Re1 1-0

[Event "LEM M-V 2026 Open"]
[Site "Neubrandenburg"]
[Date "2026.03.29"]
[Round "4.4"]
[White "Wolter, Günter"]
[Black "Briese, Sophie"]
[Result "0-1"]
[Time "15:00:00"]
[WhiteElo "1810"]
[BlackElo "1629"]

1. e4 c5 2. Nc3 Nc6 3. g3 g6 4. Bg2 Bg7 5. f4 d6 6. d3 e6 7. Nf3 Nge7 8. O-O O-O 9. Rb1 a6 10. Ne2 Qb6 11. Kh1 f5 12. c3 Rb8 13. h3 Qc7 14. Be3 b5 15. g4 a5 16. g5 b4 17. c4 Bd7 18. Ng3 Nd4 19. h4 a4 20. Bxd4 cxd4 21. Re1 fxe4 22. Rxe4 d5 23. cxd5 Nxd5 24. Nxd4 Rxf4 25. Nxe6 Bxe6 26. Rxe6 Rxh4+ 27. Kg1 Qxg3 28. Qf3 Bd4+ 29. Kf1 Rf4 0-1

[Event "LEM M-V 2026 Open"]
[Site "Neubrandenburg"]
[Date "2026.03.29"]
[Round "4.5"]
[White "Asmussen, Johann"]
[Black "Winter, John-Roy Günter"]
[Result "1-0"]
[Time "15:00:00"]
[WhiteElo "1592"]
[BlackElo "1734"]

1. d4 d5 2. c4 c6 3. Nf3 Nf6 4. g3 g6 5. Bg2 Bg7 6. O-O O-O 7. Nbd2 Nbd7 8. b3 Re8 9. Bb2 b6 10. Re1 Bb7 11. Qc2 Rc8 12. e4 dxe4 13. Nxe4 Nxe4 14. Rxe4 e6 15. Rae1 Nf6 16. R4e2 Qc7 17. Bh3 Rcd8 18. Bg2 c5 19. dxc5 Qxc5 20. Rd1 Be4 21. Qc1 Qh5 22. Rxd8 Rxd8 23. Bxf6 Bxf6 24. Rxe4 Be7 25. Rd4 Rxd4 26. Nxd4 Bc5 27. Qd2 Qe5 28. Nc2 Qb2 29. b4 Bf8 30. a3 a5 31. bxa5 bxa5 32. Qd3 Qb1+ 33. Bf1 h5 34. h4 Kh7 35. Nd4 Qb6 36. Nb5 Bc5 37. Qd2 Kg8 38. Bg2 Kh7 39. a4 Kg8 40. Kf1 Bb4 41. Qd3 Bc5 42. Qf3 Bf8 43. Ke2 Qc5 44. Qc6 Qe5+ 45. Qe4 Qb2+ 46. Kf1 Qc1+ 47. Ke2 Bc5 48. Qa8+ Kg7 49. Qxa5 Qxc4+ 50. Kd1 Bb4 51. Qc7 Qd3+ 52. Kc1 Qd2+ 53. Kb1 Qxf2 54. Qc2 Qg1+ 55. Ka2 Ba5 56. Nd6 Qd4 57. Ne4 Qd5+ 58. Ka1 Qe5+ 59. Qb2 Qxb2+ 60. Kxb2 f5 61. Nd6 Be1 62. Nc4 Bxg3 63. a5 Bxh4 64. a6 Bf2 65. Kb3 g5 66. Ka4 Kf7 67. Kb5 Ba7 68. Kc6 h4 69. Nb6 h3 70. Bxh3 g4 71. Bg2 Ke8 72. Kb7 Kd8 73. Kxa7 Kc7 74. Na8+ Kc8 75. Kb6 f4 76. Nc7 f3 77. a7 Kd7 78. a8=Q fxg2 79. Qxg2 1-0

[Event "LEM M-V 2026 Open"]
[Site "Neubrandenburg"]
[Date "2026.03.29"]
[Round "4.6"]
[White "Wrage, Julius"]
[Black "Gorski, Paul Peter"]
[Result "1/2-1/2"]
[Time "15:00:00"]
[WhiteElo "1661"]
[BlackElo "1685"]

1. e4 c6 2. d4 d5 3. exd5 cxd5 4. Bd3 Nc6 5. c3 Nf6 6. Bf4 g6 7. h3 Bg7 8. Nf3 O-O 9. Nbd2 Nd7 10. O-O e5 11. dxe5 Ndxe5 12. Nxe5 Bxe5 13. Bxe5 Nxe5 14. Nf3 Nxf3+ 15. Qxf3 Be6 16. Rad1 Qb6 17. Rd2 Rfe8 18. Rfd1 Rac8 19. Be2 Qc7 1/2-1/2

[Event "LEM M-V 2026 Open"]
[Site "Neubrandenburg"]
[Date "2026.03.29"]
[Round "4.7"]
[White "Hopp, Celina"]
[Black "Thormählen, Tjark"]
[Result "1-0"]
[Time "15:00:00"]
[WhiteElo "1740"]
[BlackElo "1664"]

1. e4 e5 2. Nf3 Nc6 3. Bc4 Bc5 4. d3 d6 5. c3 Nf6 6. b4 Bb6 7. Qb3 Qe7 8. O-O O-O 9. a4 a5 10. b5 Nd8 11. Nbd2 Bg4 12. h3 Bh5 13. Re1 Ne6 14. Ba3 Nc5 15. Qc2 Bg6 16. Bxc5 Bxc5 17. d4 exd4 18. cxd4 Bb4 19. Bd3 Rfe8 20. e5 Nd5 21. Bxg6 hxg6 22. e6 f5 23. h4 Qf6 24. Qc4 Nf4 25. d5 Bxd2 26. Nxd2 Qxh4 27. g3 Nh3+ 28. Kg2 Qxc4 29. Nxc4 Ng5 30. f3 b6 31. Rac1 Rac8 32. Nd2 Nh7 33. Nc4 Nf6 34. Rcd1 g5 35. Ne3 g6 36. Rf1 Nh5 37. g4 Nf4+ 38. Kh2 Rf8 39. gxf5 gxf5 40. Rg1 g4 41. fxg4 fxg4 42. Rxg4+ Kh7 43. Rdg1 Nh5 44. Rg5 Rf2+ 45. Kh1 Nf4 46. R5g4 Ne2 47. Rh4# 1-0

[Event "LEM M-V 2026 Open"]
[Site "Neubrandenburg"]
[Date "2026.03.29"]
[Round "4.8"]
[White "Bielewicz, Marek"]
[Black "Hartung, Sebastian"]
[Result "0-1"]
[Time "15:00:00"]
[WhiteElo "1611"]
[BlackElo "1561"]

1. d4 b6 2. Bf4 e6 3. a3 Bb7 4. c4 d5 5. Nc3 Bd6 6. Bxd6 Qxd6 7. Nf3 c6 8. b4 dxc4 9. e3 b5 10. Ne4 Qc7 11. Nc5 Nd7 12. Nxb7 Qxb7 13. g3 Ngf6 14. Qc2 O-O 15. Bg2 a5 16. bxa5 Rxa5 17. O-O Rfa8 18. a4 Rxa4 19. Rxa4 Rxa4 20. Rb1 Qa6 21. Nd2 Ra1 22. Kf1 Nd5 23. Ke2 Rxb1 24. Nxb1 Qa1 25. Nd2 N7f6 26. Nxc4 bxc4 27. Qxc4 Qb2+ 28. Kf3 Qb5 29. Qa2 Qb7 30. Qa5 Qc8 31. e4 Nc7 32. Bf1 h6 33. h3 Qb7 34. g4 Nb5 35. Qa8+ Kh7 36. h4 Nxd4+ 37. Kf4 Qc7+ 38. Ke3 e5 39. Bh3 Qb6 40. g5 Qb3+ 0-1

[Event "LEM M-V 2026 Open"]
[Site "Neubrandenburg"]
[Date "2026.03.29"]
[Round "4.9"]
[White "Eichler, Charline"]
[Black "Wagner, Tino"]
[Result "1-0"]
[Time "15:00:00"]
[WhiteElo "1709"]
[BlackElo "1583"]

1. Nf3 d5 2. d4 g6 3. e3 Bg7 4. Be2 Nf6 5. Nbd2 O-O 6. b3 c5 7. c4 Na6 8. Bb2 b6 9. Rc1 cxd4 10. Bxd4 Nc5 11. Ne5 Qd6 12. cxd5 Qxd5 13. Bf3 Nfe4 14. Nxe4 Nxe4 15. Nc6 Re8 16. Bxg7 Qxd1+ 17. Rxd1 Nxf2 18. Kxf2 Kxg7 19. Nxe7 Rb8 20. Nxc8 Rbxc8 21. Rc1 Red8 22. Ke2 Kf8 23. Bb7 Rxc1 24. Rxc1 Ke7 25. Rc7+ Rd7 26. Rxd7+ Kxd7 27. Kd3 h6 28. g4 g5 29. Kd4 Kc7 30. Ba6 Kd6 31. Ke4 Ke6 32. Bc4+ Kf6 33. Kd5 1-0

[Event "LEM M-V 2026 Open"]
[Site "Neubrandenburg"]
[Date "2026.03.29"]
[Round "4.10"]
[White "Le, Tomab Linh"]
[Black "Radloff, Arno"]
[Result "1-0"]
[Time "15:00:00"]
[WhiteElo "1475"]
[BlackElo "1704"]

1. e4 e6 2. Nc3 d5 3. d4 dxe4 4. Nxe4 Nd7 5. Nf3 Ngf6 6. Bd3 Nxe4 7. Bxe4 Nf6 8. Bd3 c5 9. Bg5 Bd7 10. O-O cxd4 11. Nxd4 Be7 12. Qf3 Nd5 13. Bxe7 Qxe7 14. Nf5 Qf8 15. Rfe1 g6 16. Nd4 Qg7 17. Qxd5 O-O-O 18. Qc5+ Kb8 19. Nb5 Bxb5 20. Qxb5 Rd5 21. Qb3 b6 22. Be4 Rd6 23. Rad1 Rhd8 24. Rxd6 Rxd6 25. Qg3 Qd4 26. Qc3 Qd1 27. Bf3 Qd2 28. Qxd2 Rxd2 29. Rc1 Kc7 30. Kf1 Rd4 31. Ke2 Rb4 32. b3 Rh4 33. g3 Rxh2 34. Rh1 Rxh1 35. Bxh1 h6 36. Kd3 Kd6 37. b4 f6 38. f4 g5 39. Bf3 e5 40. fxg5 hxg5 41. g4 Ke7 42. Kc4 Kd6 43. Kb5 Ke6 44. Be4 f5 45. gxf5+ Kf6 46. Kc6 g4 47. Kd6 g3 48. c4 g2 49. Bxg2 Kxf5 50. c5 1-0

[Event "LEM M-V 2026 Open"]
[Site "Neubrandenburg"]
[Date "2026.03.29"]
[Round "4.12"]
[White "Betke, Arno"]
[Black "Eichler, Max"]
[Result "1/2-1/2"]
[Time "15:00:00"]
[WhiteElo "1793"]
[BlackElo "1644"]

1. d4 Nf6 2. Nf3 g6 3. e3 d5 4. Nbd2 Bg7 5. b3 O-O 6. Bb2 Re8 7. Be2 Nfd7 8. O-O e5 9. dxe5 Nxe5 10. Bxe5 Bxe5 11. Nxe5 Rxe5 12. Nf3 Re8 13. Qc1 Qf6 14. Rd1 c6 15. Rd4 Re4 16. c3 Nd7 17. Rxe4 dxe4 18. Nd2 Nc5 19. Qc2 Bf5 20. Rd1 Rd8 21. c4 Nd3 22. Bxd3 Rxd3 23. Nf1 Rxd1 24. Qxd1 Qg5 25. Ng3 h5 26. Nxf5 Qxf5 27. h3 Qf6 28. Qd4 Qxd4 29. exd4 f5 30. Kf1 Kf7 31. Ke2 Ke6 32. Ke3 a6 33. a4 h4 34. Kf4 Kf6 35. Ke3 Ke6 36. f3 exf3 37. Kxf3 g5 38. Ke3 Kd6 39. Kf3 Ke6 1/2-1/2

[Event "LEM M-V 2026 Open"]
[Site "Neubrandenburg"]
[Date "2026.03.29"]
[Round "4.13"]
[White "Wilke, Anja"]
[Black "Seegebrecht, Johann"]
[Result "1/2-1/2"]
[Time "15:00:00"]
[WhiteElo "1034"]
[BlackElo "1491"]

1. e4 g6 2. Nf3 Bg7 3. d4 d6 4. c3 Nd7 5. Bf4 e5 6. dxe5 dxe5 7. Be3 Ne7 8. Bd3 O-O 9. b4 h6 10. Nbd2 c6 11. Bc4 b5 12. Bb3 a6 13. O-O Bb7 14. a4 Qc7 15. a5 Rad8 16. Qe2 c5 17. Rac1 c4 18. Bc2 Qc8 19. Rfd1 f5 20. exf5 Nxf5 21. Be4 Bxe4 22. Nxe4 Nxe3 23. Qxe3 Qc6 24. Rd6 Qb7 25. Rcd1 g5 26. Nc5 Nxc5 27. Qxc5 Rxd6 28. Qxd6 Qf7 29. Qd5 Qxd5 30. Rxd5 e4 31. Nd4 Re8 32. Kf1 e3 33. Ke2 exf2+ 34. Kxf2 Rf8+ 35. Ke2 Re8+ 36. Kf2 Kf7 37. Rd7+ Re7 38. Rxe7+ Kxe7 39. Nf5+ Kf6 40. Nxg7 Kxg7 41. Kf3 Kf6 42. g4 Ke5 43. Ke3 Kd5 44. Kf3 Ke5 45. Ke3 1/2-1/2

[Event "LEM M-V 2026 Open"]
[Site "Neubrandenburg"]
[Date "2026.03.30"]
[Round "5.1"]
[White "Kruse, Johannes"]
[Black "Briese, Paul"]
[Result "1-0"]
[Time "09:00:00"]
[WhiteElo "1807"]
[BlackElo "1792"]

1. e4 e5 2. Nf3 Nc6 3. Bb5 Nf6 4. O-O Nxe4 5. Re1 Nd6 6. Nxe5 Nxe5 7. Rxe5+ Be7 8. Bf1 O-O 9. d4 Bf6 10. Re1 Ne8 11. c3 d5 12. Bf4 Be7 13. Bd3 Bd6 14. Qf3 Bxf4 15. Qxf4 Qd6 16. Qxd6 Nxd6 17. Nd2 Bf5 18. Bxf5 Nxf5 19. Re5 Nd6 20. Rxd5 Rfe8 21. Re5 f6 22. Rxe8+ Rxe8 23. Kf1 Kf7 24. Re1 Rd8 25. f3 Nf5 26. Ne4 b6 27. Kf2 Ne7 28. Re2 h6 29. g3 c6 30. Nd2 Nd5 31. Nb3 Nc7 32. f4 g6 33. Kf3 Ne6 34. Kg4 Rd5 35. Kf3 Rd8 36. Re3 Rd5 37. Ke4 Rh5 38. Re2 Rd5 39. c4 f5+ 40. Kd3 Rd7 41. Kc3 Kf6 42. Rd2 Nc7 43. Nc1 Ne6 44. b4 g5 45. Ne2 Nc7 46. Rd3 Re7 47. Kd2 Rd7 48. a4 a6 49. Nc3 gxf4 50. gxf4 Ke6 51. Ne2 Kf6 52. Re3 b5 53. axb5 axb5 54. Kd3 Ne6 55. cxb5 cxb5 56. Re5 Nc7 57. Rc5 Kg6 58. Nc3 Ne6 59. Rc6 Rxd4+ 60. Ke3 Rc4 61. Rxc4 bxc4 62. b5 Kh5 63. b6 Nd8 64. Kd4 Kg4 65. Ke3 Kh3 66. Ne2 Kxh2 67. Nd4 c3 68. Nxf5 Kh3 69. Nxh6 Kh4 70. Nf5+ Kg4 71. Nd4 Nb7 72. f5 Kg5 73. Kd3 1-0

[Event "LEM M-V 2026 Open"]
[Site "Neubrandenburg"]
[Date "2026.03.30"]
[Round "5.2"]
[White "Eschrig, Immanuel"]
[Black "Asmussen, Johann"]
[Result "1/2-1/2"]
[Time "09:00:00"]
[WhiteElo "1799"]
[BlackElo "1592"]

1. e4 d6 2. Nc3 g6 3. f4 Bg7 4. Nf3 e5 5. fxe5 dxe5 6. Bc4 Nc6 7. d3 h6 8. O-O Nf6 9. Nd5 Nxd5 10. Bxd5 Ne7 11. Bb3 Qd6 12. Qe1 Be6 13. Be3 Bxb3 14. axb3 a6 15. Qf2 O-O 16. Kh1 b6 17. Qd2 Kh7 18. Ng1 f5 19. g3 fxe4 20. dxe4 Qxd2 21. Bxd2 Rxf1 22. Rxf1 Rf8 23. Rxf8 Bxf8 24. Nf3 Nc6 25. Bc3 Bg7 26. Kg2 Kg8 27. Kf2 Nd4 28. Bxd4 exd4 29. Ke2 Kf7 30. Kd3 c5 31. Kc4 Ke6 32. b4 Bf8 33. bxc5 bxc5 34. Kb3 Bd6 35. Kc4 g5 36. e5 g4 37. Nxd4+ Kxe5 38. Nb3 Ke4 39. Nxc5+ Kf3 40. Nd7 Kg2 41. Nf6 h5 42. Nxh5 Kxh2 43. Nf6 Kxg3 44. Nxg4 Kxg4 45. Kd5 Bg3 46. c4 Kf5 47. Kc6 a5 48. Kb6 Ke6 49. Kxa5 Kd6 50. Kb5 Kc7 51. c5 Bf2 52. c6 Be3 1/2-1/2

[Event "LEM M-V 2026 Open"]
[Site "Neubrandenburg"]
[Date "2026.03.30"]
[Round "5.3"]
[White "Wilke, Ronja"]
[Black "Briese, Sophie"]
[Result "1-0"]
[Time "09:00:00"]
[WhiteElo "1782"]
[BlackElo "1629"]

1. e4 c5 2. c3 d5 3. exd5 Qxd5 4. d4 Nf6 5. Nf3 Bg4 6. Be2 Nc6 7. O-O cxd4 8. cxd4 e6 9. Nc3 Qd8 10. Be3 Be7 11. h3 Bxf3 12. Bxf3 Qd7 13. d5 exd5 14. Nxd5 Nxd5 15. Bxd5 Rd8 16. Bf3 Qc7 17. Qb3 O-O 18. Rac1 Qb8 19. Bxc6 bxc6 20. Qxb8 Rxb8 21. Rxc6 Rxb2 22. Rc7 Bd6 23. Rxa7 Rfb8 24. g3 Re2 25. Rd1 Bxg3 26. Kf1 Rc2 27. fxg3 h6 28. Rd2 Rc6 29. Bf4 Re8 30. h4 Rc1+ 31. Kf2 Rb1 32. Rad7 Rb2 33. Kf3 Rc8 34. Rxf7 Rc3+ 35. Kg4 1-0

[Event "LEM M-V 2026 Open"]
[Site "Neubrandenburg"]
[Date "2026.03.30"]
[Round "5.4"]
[White "Winkler, Karl"]
[Black "Wrage, Julius"]
[Result "1-0"]
[Time "09:00:00"]
[WhiteElo "1873"]
[BlackElo "1661"]

1. e4 c5 2. Nf3 Nc6 3. d4 cxd4 4. Nxd4 g6 5. Be2 Bg7 6. Nxc6 bxc6 7. O-O d6 8. c3 Nf6 9. f3 O-O 10. Be3 d5 11. exd5 cxd5 12. Nd2 a5 13. Re1 Qd6 14. Nb3 Nd7 15. Bd4 e5 16. Bf2 a4 17. Nd2 a3 18. Nc4 Qb8 19. Nxa3 Qxb2 20. Nb5 Rxa2 21. Rb1 Qc2 22. Qxd5 Bh6 23. Qd1 Bd2 24. Qxc2 Rxc2 25. Bd3 Bxe1 26. Bxc2 Bxf2+ 27. Kxf2 Ba6 28. c4 Rc8 29. Bd3 Nc5 30. Be2 Kf8 31. Ke3 f5 32. g3 Ke7 33. Nc3 Nd7 34. Rb4 Kd6 35. Ra4 Nc5 36. Ra5 Kc6 37. Nd5 Rb8 38. Ra3 Rb2 39. Nf6 Rb7 40. Ra2 Rb3+ 41. Kf2 Rb7 42. Rd2 Rf7 43. Nd5 Bc8 44. Rb2 Rb7 45. Rd2 Be6 46. Ne3 Rd7 47. Ra2 f4 48. gxf4 exf4 49. Ng2 Rd4 50. Ra7 Rd7 51. Rxd7 Nxd7 52. Nxf4 Bg8 53. Ke3 Kc5 54. Nd3+ Kc6 55. Kd4 Nb6 56. Ne5+ Kc7 57. c5 Nd7 58. Nxd7 Kxd7 59. Bc4 Bxc4 60. Kxc4 Kc7 61. Kd5 Kd7 62. c6+ Kc7 63. Ke5 Kc8 64. Kd6 Kd8 65. f4 h6 66. h4 h5 67. c7+ Kc8 68. Kc6 g5 69. f5 1-0

[Event "LEM M-V 2026 Open"]
[Site "Neubrandenburg"]
[Date "2026.03.30"]
[Round "5.5"]
[White "Hartung, Sebastian"]
[Black "Hopp, Celina"]
[Result "1-0"]
[Time "09:00:00"]
[WhiteElo "1561"]
[BlackElo "1740"]

1. b3 e5 2. Bb2 Nc6 3. e3 d5 4. Bb5 Bd6 5. f4 f6 6. fxe5 fxe5 7. Nf3 Qe7 8. Bxc6+ bxc6 9. Nxe5 Nf6 10. Nxc6 Qe4 11. Qf3 Qxc2 12. Bxf6 gxf6 13. Nc3 Ba6 14. Qxd5 Rc8 15. Qe6+ Kf8 16. Qxf6+ Kg8 17. Qe6+ Kg7 18. Qd7+ Kh6 19. Nd5 Rhf8 20. Qe6+ Kg7 21. Qg4+ Kh8 22. Qd4+ Kg8 23. Nce7+ Bxe7 24. Nxe7+ Kf7 25. Nxc8 Rxc8 26. Qd5+ Ke7 27. Qe5+ Kd7 28. Qc3 Qg6 29. Qd4+ Ke7 30. Qe5+ Kd7 31. g3 Re8 32. Qd4+ Kc8 33. Rc1 Qh5 34. Rc4 Bxc4 35. Qxc4 Qf5 36. Rf1 Qb1+ 37. Ke2 Qxa2 38. Rf7 Qa5 39. Qc6 Qh5+ 40. Qf3 Qb5+ 41. Ke1 Qb8 42. Qf5+ Kb7 43. Qb5+ 1-0

[Event "LEM M-V 2026 Open"]
[Site "Neubrandenburg"]
[Date "2026.03.30"]
[Round "5.6"]
[White "Gorski, Paul Peter"]
[Black "Wolter, Günter"]
[Result "1-0"]
[Time "09:00:00"]
[WhiteElo "1685"]
[BlackElo "1810"]

1. e4 e6 2. d4 d5 3. Nc3 Bb4 4. e5 c5 5. a3 Bxc3+ 6. bxc3 Qc7 7. Qg4 f5 8. Bb5+ Nc6 9. Bxc6+ bxc6 10. Qg3 cxd4 11. cxd4 Ba6 12. Ne2 Ne7 13. Nf4 Kf7 14. Qxg7+ Kxg7 15. Nxe6+ Kf7 16. Nxc7 Bc4 17. Nxa8 Rxa8 18. Rb1 Bb5 19. Bg5 Nc8 20. a4 Bxa4 21. Rb7+ Kg6 22. Bf6 Bb5 23. f3 a5 24. g4 fxg4 25. fxg4 a4 26. h4 h5 27. Rg7+ 1-0

[Event "LEM M-V 2026 Open"]
[Site "Neubrandenburg"]
[Date "2026.03.30"]
[Round "5.7"]
[White "Winter, John-Roy Günter"]
[Black "Le, Tomab Linh"]
[Result "1-0"]
[Time "09:00:00"]
[WhiteElo "1734"]
[BlackElo "1475"]

1. d4 Nf6 2. Nf3 g6 3. c4 Bg7 4. g3 O-O 5. Bg2 c5 6. d5 d6 7. O-O Nbd7 8. Nc3 a6 9. a4 Rb8 10. Qc2 Nb6 11. Qd3 Na8 12. e4 Ng4 13. h3 Ne5 14. Nxe5 Bxe5 15. Bh6 Re8 16. Kh2 Nc7 17. a5 b5 18. axb6 Rxb6 19. Na4 Rb8 20. Bd2 e6 21. Bc3 exd5 22. exd5 Bf5 23. Qd2 Qf6 24. Rfe1 Bd7 25. Bxe5 Rxe5 26. Nc3 Rxe1 27. Rxe1 Rb4 28. Ne4 Qe7 29. Nxc5 Qxe1 30. Qxe1 dxc5 31. Qe7 1-0

[Event "LEM M-V 2026 Open"]
[Site "Neubrandenburg"]
[Date "2026.03.30"]
[Round "5.8"]
[White "Jäger, Maria"]
[Black "Eichler, Charline"]
[Result "1/2-1/2"]
[Time "09:00:00"]
[WhiteElo "1726"]
[BlackElo "1709"]

1. Nf3 d5 2. g3 Nf6 3. d4 e6 4. Bg2 c5 5. O-O Nc6 6. e3 b5 7. dxc5 Bxc5 8. Nbd2 O-O 9. c4 bxc4 10. Nxc4 Ba6 11. Nce5 Nxe5 12. Nxe5 Bxf1 13. Qxf1 Qc7 14. Nd3 Be7 15. b4 Rab8 16. a3 Rfc8 17. Bb2 Qd8 18. Qe2 Nd7 19. e4 dxe4 20. Qxe4 Bf6 21. Bxf6 Nxf6 22. Qe2 Qd4 23. Ra2 Rd8 24. Nc5 Qd1+ 25. Qf1 Qxf1+ 26. Kxf1 Rd1+ 27. Ke2 Rdd8 28. h3 Nd5 29. Rc2 Rbc8 30. Be4 g6 31. Bd3 Nb6 32. Ke3 Kg7 33. Ba6 Rc7 34. a4 Nxa4 35. Nxe6+ fxe6 36. Rxc7+ Kf6 37. Rxa7 Rd6 38. Be2 Nc3 39. Bf3 h5 40. Ra3 Nd5+ 41. Bxd5 Rxd5 42. Ra5 Rd1 43. Rc5 h4 44. b5 hxg3 45. fxg3 Rh1 46. h4 1/2-1/2

[Event "LEM M-V 2026 Open"]
[Site "Neubrandenburg"]
[Date "2026.03.30"]
[Round "5.10"]
[White "Thormählen, Tjark"]
[Black "Wagner, Tino"]
[Result "0-1"]
[Time "09:00:00"]
[WhiteElo "1664"]
[BlackElo "1583"]

1. e4 e5 2. Nf3 Nc6 3. Bc4 Nf6 4. d3 Bc5 5. c3 d6 6. b4 Bb6 7. O-O h6 8. Qb3 O-O 9. Nh4 Ne7 10. Be3 Kh7 11. Bxb6 axb6 12. Bxf7 c6 13. Bc4 Bg4 14. Nd2 b5 15. Be6 Bh5 16. Ndf3 Ne8 17. g4 Bg6 18. Bf5 Nc7 19. Nxg6 Nxg6 20. Qd1 Qf6 21. Kg2 Kh8 22. Bxg6 Qxg6 23. Nh4 Qg5 24. Nf5 d5 25. h4 Qf4 26. f3 Ne6 27. Ne7 Qf6 28. Nf5 g6 29. g5 Nf4+ 30. Kf2 hxg5 31. hxg5 Qxg5 32. Rh1+ Kg8 33. Nh6+ Kg7 34. Ng4 Rh8 35. Qd2 Nh3+ 36. Ke2 Nf4+ 37. Kf2 Rxh1 38. Rxh1 Nh3+ 39. Ke2 Qxd2+ 40. Kxd2 Rxa2+ 41. Ke3 Nf4 42. Nxe5 Ne2 43. c4 d4+ 44. Kf2 Nf4+ 45. Kg3 Nh5+ 46. Kh4 bxc4 47. Nxc4 Nf4 48. Rd1 Rg2 0-1